TV Mother & Son Quiz Stats

Quiz Updated Apr 28, 2016

Challenge
Share
Tweet
Score 0/20 Timer 08:00
18 Plays Today
% Correct
Friends (Judy & Ross Geller)
97.5%
The Big Bang Theory (Mary & Sheldon Cooper)
96.5%
Game of Thrones (Cersei Lannister & Joffrey Baratheon)
96%
South Park (Liane & Eric Cartman)
93.7%
Two and a Half Men (Evelyn & Charlie Harper)
91.2%
Everybody Loves Raymond (Marie & Raymond Barone)
85.7%
Futurama (Mrs. Fry & Philip J. Fry)
83.7%
30 Rock (Colleen & Jack Donaghy)
80.7%
How I Met Your Mother (Virginia & Ted Mosby)
78.5%
Modern Family (Claire & Luke Dunphy)
77.5%
% Correct
Cougar Town (Jules & Travis Cobb)
76.7%
American Dad! (Francine & Steve Smith)
68.5%
The Middle (Frankie & Brick Heck)
66%
The Walking Dead (Lori & Carl Grimes)
56.1%
Sons of Anarchy (Gemma & Jax Teller)
54.9%
Arrested Development (Lucille & Buster Bluth)
48.6%
American Horror Story: Murder House (Constance & Tate Langdon)
44.2%
Once Upon a Time (Emma Swan & Henry Mills)
41.2%
Bates Motel (Norma & Norman Bates)
37.8%
Psych (Madeleine & Shawn Spencer)
34.1%

You're not logged in!

Compare scores with friends on all Sporcle quizzes.
Join for Free
OR
Log In

You Might Also Like...

Show Comments

Extras

Top Quizzes Today


Score Distribution

Your Account Isn't Verified!

In order to create a playlist on Sporcle, you need to verify the email address you used during registration. Go to your Sporcle Settings to finish the process.

Report this User

Report this user for behavior that violates our Community Guidelines.

Details: